| 000 | 00715cam a22002531 4500 | ||
|---|---|---|---|
| 999 |
_c7491 _d7491 |
||
| 001 | 7491 | ||
| 003 | BD-JhCC | ||
| 005 | 20181006171659.0 | ||
| 008 | 750903s1958 xx 000 0 eng | ||
| 035 | _a(BD-JhCC)7491 | ||
| 035 | _a(OCoLC)1596053 | ||
| 040 |
_aDLC _cNmU _dUk _dDLC _dBD-JhCC |
||
| 041 | _aeng | ||
| 050 | 0 | 0 |
_aZ688.A2 _bM3 |
| 082 |
_a025.17 _bMAS 1958 |
||
| 100 | 1 | _aMason, Donald. | |
| 245 | 0 | 2 |
_aA primer of non-book materials in libraries / _cDonald Mason |
| 260 |
_aLondon, _bAssociation of Assistant Librarians, _c1958. |
||
| 300 |
_a115 p. _billus. _c22 cm. |
||
| 650 | 0 |
_aLibraries _xSpecial collections. |
|
| 740 | 0 | _aNon-book materials in libraries. | |
| 942 |
_2ddc _cBK |
||